| 000 | 00796nam a2200253 i 4500 | ||
|---|---|---|---|
| 001 | 67019 | ||
| 003 | ES-MaACL | ||
| 005 | 20250910202552.0 | ||
| 007 | t| | ||
| 008 | 040430s1993 sp ||||1| spa d | ||
| 020 | _a84-87169-55-4 | ||
| 080 | _a37.011 | ||
| 080 | _a329.285 | ||
| 100 | 1 |
_aMartín Luengo, Josefa, _d1944-2009 _977547 |
|
| 245 | 1 | 3 |
_aLa escuela de la anarquía / _cJosefa Martín Luengo, "Colectivo Paideia". |
| 260 |
_aMadrid : _bMadre Tierra, _c[1993] |
||
| 300 |
_a89 p. ; _c20 cm. |
||
| 490 | 1 |
_aCuadernos libertarios ; _v10 |
|
| 650 | 4 |
_aEducación- _xFilosofía. _912079 |
|
| 650 | 7 |
_aAnarquismo _2embne _99783 |
|
| 830 | 0 |
_aColección Cuadernos libertarios (Madre Tierra) _v10 _9179813 |
|
| 852 |
_aES-MaACL _j2169-F-8 _bR.122526 |
||
| 999 |
_c67019 _d67019 |
||